| 000 | 00841nam a22002535a 4500 | ||
|---|---|---|---|
| 005 | 20180311111826.0 | ||
| 008 | 180311s1977 enka frb 001 0 eng d | ||
| 020 | _a0140809023 | ||
| 040 |
_aEG-ScBUE _beng _cEG-ScBUE _dEG-ScBUE |
||
| 082 | 0 | 4 |
_222 _a339.4 _bKNE |
| 100 | 1 | _aKneese, Allen V. | |
| 245 | 1 | 0 |
_aEconomics and the environment / _cAllen V. Kneese. |
| 260 |
_aMiddlesex : _bPenguin Books, _c1977. |
||
| 300 |
_a285 p. : _bill. ; _c24 cm. |
||
| 490 | 0 | _aPenguin Education | |
| 490 | 0 | _aGeography and environmental studies | |
| 504 | _aIncludes bibliographical references and index. | ||
| 650 | 7 |
_2BUEsh _aPollution _xEconomic aspects. |
|
| 650 | 7 |
_2BUEsh _93266 _aEnvironmental policy. |
|
| 650 | 7 |
_2BUEsh _aFactory and trade waste _xEnvironmental aspects. |
|
| 651 | _2BUEsh | ||
| 653 |
_bGGEN _bBUSECO _cMarch2018 |
||
| 942 | _2ddc | ||
| 999 |
_c26264 _d26236 |
||